000 00561nam a2200169 i 4500
001 32119
003 ES-MaACL
005 20231221152301.0
007 t|
008 030221s1905 sp ||||1| spa d
100 1 _aCanalejas, José,
_d1854-1912
_934382
245 1 0 _aLímites entre las repúblicas del Ecuador y del Perú /
_cdictamen por José Canalejas y Méndez.
260 _aMadrid :
_bSucesores de Rivadeneyra,
_c1905.
300 _a73 p. ;
_c27 cm.
852 _aES-MaACL
_jG-3332
_q. - Encuadernado con otras obras
999 _c32119
_d32119